[Event "Imola op 3rd"]
[Site "Imola"]
[Date "2021.12.06"]
[Round "1"]
[White "Simonini, Mattia"]
[Black "Agostini, Maurizio"]
[Result "0-1"]
[WhiteElo "1895"]
[BlackElo "1972"]
[PlyCount "70"]
[EventDate "2021.12.06"]
[EventType "swiss"]
[EventRounds "5"]
[EventCountry "ITA"]
[SourceTitle "CBM 205 Extra"]
[Source "ChessBase"]
[SourceDate "2022.01.31"]
[SourceVersion "1"]
[SourceVersionDate "2022.01.31"]
[SourceQuality "1"]

1. d4 Nf6 2. c4 c5 3. d5 e6 4. Nc3 exd5 5. cxd5 d6 6. g3 g6 7. Bg2 Bg7 8. Nf3 0-0 9. 0-0 Re8 10. Nd2 a6 11. a4 Nbd7 12. Nc4 Ne5 13. Na3 Nh5 14. h3 Rb8 15. e4 Bd7 16. f4 Nxg3 17. fxe5 Bxe5 18. Bf4 Nxf1 19. Qxf1 b5 20. axb5 axb5 21. Bxe5 Rxe5 22. Naxb5 Bxb5 23. Nxb5 Qb6 24. Na3 Qxb2 25. Nc4 Qd4+ 26. Kh1 Rg5 27. Rd1 Qc3 28. Qd3 Qxd3 29. Rxd3 Rb1+ 30. Kh2 Rc1 31. Nxd6 c4 32. Rf3 Rc2 33. Rg3 Rxg3 34. Kxg3 Rxg2+ 35. Kxg2 c3 0-1

[Event "Treviso Lega op-A 2nd"]
[Site "Treviso"]
[Date "2018.03.04"]
[Round "4"]
[White "Simonini, Mattia"]
[Black "Litrico, Paolo"]
[Result "1-0"]
[WhiteElo "1952"]
[BlackElo "1920"]
[PlyCount "49"]
[EventDate "2018.03.02"]
[EventType "swiss"]
[EventRounds "5"]
[EventCountry "ITA"]
[SourceTitle "EXT 2022"]
[Source "ChessBase"]
[SourceDate "2021.10.06"]
[SourceVersion "1"]
[SourceVersionDate "2021.10.06"]
[SourceQuality "1"]

1. d4 Nf6 2. c4 e6 3. Nc3 Bb4 4. f3 c5 5. d5 d6 6. e4 e5 7. Bd3 0-0 8. Nge2 Ne8 9. 0-0 f5 10. f4 Qe7 11. Qc2 Bxc3 12. Nxc3 fxe4 13. Nxe4 Bf5 14. fxe5 Qxe5 15. Bf4 Qe7 16. Rae1 Qd7 17. Bd2 Bg6 18. Rxf8+ Kxf8 19. Ng5 Bxd3 20. Qxd3 h6 21. Rf1+ Nf6 22. Nh7+ Kf7 23. Nxf6 gxf6 24. Qh7+ Ke8 25. Qh8+ 1-0

[Event "Treviso Lega op-A 2nd"]
[Site "Treviso"]
[Date "2018.03.03"]
[Round "2"]
[White "Capito, Mario"]
[Black "Simonini, Mattia"]
[Result "1-0"]
[WhiteElo "1845"]
[BlackElo "1952"]
[PlyCount "89"]
[EventDate "2018.03.02"]
[EventType "swiss"]
[EventRounds "5"]
[EventCountry "ITA"]
[SourceTitle "EXT 2022"]
[Source "ChessBase"]
[SourceDate "2021.10.06"]
[SourceVersion "1"]
[SourceVersionDate "2021.10.06"]
[SourceQuality "1"]

1. g3 d5 2. Bg2 Nf6 3. d3 c5 4. Nf3 Nc6 5. 0-0 Bg4 6. Bf4 e6 7. h3 Bxf3 8. Bxf3 Bd6 9. Bxd6 Qxd6 10. Nc3 0-0 11. Bg2 h5 12. e4 Rad8 13. Qe1 a6 14. Rd1 d4 15. Nb1 h4 16. f4 e5 17. fxe5 Nxe5 18. gxh4 Nh5 19. Rf5 g6 20. Rf1 Rde8 21. Nd2 Kh7 22. Nf3 Nxf3+ 23. Rxf3 f5 24. Qf2 fxe4 25. Rf7+ Kg8 26. Rf1 Ng3 27. Rxf8+ Rxf8 28. Qxf8+ Qxf8 29. Rxf8+ Kxf8 30. dxe4 Ke7 31. Kf2 Nh5 32. a4 b6 33. Bf1 a5 34. Kf3 Kf6 35. Kg4 Ke5 36. Bd3 Nf6+ 37. Kg5 Nxe4+ 38. Kxg6 Nf2 39. h5 Nxd3 40. cxd3 c4 41. h6 cxd3 42. h7 d2 43. h8Q+ Ke4 44. Qh5 Kd3 45. Qd1 1-0

[Event "Giovanni Pico Cup 5th"]
[Site "Mirandola"]
[Date "2012.01.14"]
[Round "3"]
[White "Simonini, Mattia"]
[Black "Castellari, Claudio"]
[Result "1-0"]
[WhiteElo "1759"]
[BlackElo "1540"]
[PlyCount "123"]
[EventDate "2012.01.13"]
[EventType "swiss"]
[EventRounds "5"]
[EventCountry "ITA"]
[SourceTitle "EXT 2023"]
[Source "ChessBase"]
[SourceDate "2022.10.05"]
[SourceVersion "1"]
[SourceVersionDate "2022.10.05"]
[SourceQuality "1"]

1. d4 d5 2. c4 e6 3. cxd5 exd5 4. Nc3 Nf6 5. Bg5 c6 6. Qc2 g6 7. e3 Bf5 8. Bd3 Bxd3 9. Qxd3 Bg7 10. Nf3 Qd6 11. 0-0 0-0 12. Rab1 Nbd7 13. b4 a6 14. a4 b5 15. Rfc1 Rfc8 16. a5 Re8 17. Qc2 Rac8 18. Rb3 Re6 19. Na2 h6 20. Bf4 Qe7 21. h3 g5 22. Bg3 Ne4 23. Bh2 Nd6 24. Bxd6 Qxd6 25. Ne1 Qe7 26. Nd3 Qd6 27. Nc5 Nxc5 28. Qxc5 Qxc5 29. Rxc5 Bf8 30. Rc2 f5 31. Nc1 Bd6 32. Nd3 Kg7 33. Rbc3 Be7 34. Nc5 Bxc5 35. Rxc5 Rd6 36. f3 Kf6 37. Kf2 Ke7 38. Rc1 Kd7 39. g4 fxg4 40. hxg4 Re8 41. R5c3 h5 42. gxh5 Rh8 43. Rh1 Rdh6 44. Kg2 Rxh5 45. Rcc1 Rxh1 46. Rxh1 Rxh1 47. Kxh1 Ke6 48. Kg2 Kf5 49. Kg3 Kf6 50. Kg4 Kg6 51. f4 gxf4 52. exf4 Kf6 53. f5 Kg7 54. Kg5 Kf7 55. f6 Kf8 56. Kg6 Kg8 57. f7+ Kf8 58. Kf6 c5 59. dxc5 d4 60. c6 d3 61. c7 d2 62. c8Q# 1-0

[Event "Modena Province-ch 11"]
[Site "Modena"]
[Date "2010.12.11"]
[Round "3"]
[White "Cambi, Enrico"]
[Black "Simonini, Mattia"]
[Result "1/2-1/2"]
[WhiteElo "1557"]
[BlackElo "1778"]
[PlyCount "46"]
[EventDate "2010.12.10"]
[EventType "swiss"]
[EventRounds "5"]
[EventCountry "ITA"]
[SourceTitle "EXT 2024"]
[Source "ChessBase"]
[SourceDate "2023.10.10"]
[SourceVersion "1"]
[SourceVersionDate "2023.10.10"]
[SourceQuality "1"]

1. e4 c6 2. d4 d5 3. e5 Bf5 4. Nf3 e6 5. Be2 Nd7 6. 0-0 c5 7. c4 Ne7 8. Nc3 dxc4 9. Nb5 Nc6 10. Bf4 Nb6 11. Be3 cxd4 12. Nbxd4 Nxd4 13. Bxd4 Rc8 14. Bxb6 Qxb6 15. Qa4+ Rc6 16. Bxc4 a6 17. Bb3 Bc5 18. Rad1 0-0 19. Nd4 Bxd4 20. Rxd4 Rd8 21. Rxd8+ Qxd8 22. Rd1 Qc7 23. Qd4 h6 1/2-1/2